La enseñanza técnica industrial : memoria memoria
Publicado:
[s.l., s.n :
Descripción Física:
8 f. : mecanografiats
Materias:
Ensenyament tècnic
MARC
| LEADER | 00000nam a2200000Ia 4500 | ||
|---|---|---|---|
| 001 | |||
| 008 | 160829s190 - ?] xx 000 0 cat d | ||
| 080 | |a 2283, exp. 9 | ||
| 245 | |a La enseñanza técnica industrial : |b memoria | ||
| 260 | |a [s.l., s.n., |c 190 - ?] | ||
| 300 | |a 8 f. : |b mecanografiats | ||
| 650 | |a Ensenyament tècnic |9 26880 | ||
| 901 | |a Arxiu | ||
| 942 | |n 1 | ||
| 952 | |0 0 |1 0 |4 0 |6 2283_EXP_9 |7 1 |9 54389 |a Arxiu |b Arxiu |d 2016-12-01 |l 0 |o 2283, exp. 9 |r 2016-12-01 00:00:00 |w 2016-12-01 |y ARXIU | ||
| 999 | |c 58258 |d 58258 | ||